Quiz des logos de football #2 - Statistiques

Statistiques générales
  • Ce quiz a été pris 256 fois
  • Le résultat moyen est 31 sur 40
Statistiques - réponses
Par images Réponse % Correct
Manchester City
100%
Aston Villa
95%
West Ham
95%
Newcastle FC
91%
Athletic Club
88%
Leeds
88%
OGC Nice
87%
RC Lens
87%
Paris FC
86%
Strasbourg
86%
Toulouse FC
86%
Auxerre
85%
Lorient
84%
Brighton
83%
Villarreal
83%
Bologna FC
82%
Fiorentina
82%
Girona FC
82%
Stade Brestois
82%
Torino
80%
Espanyol Barcelone
78%
Rayo Vallecano
77%
Burnley
76%
Getafe
76%
Frankfurt
75%
Brentford
74%
Levante
74%
Sassuolo
72%
Udinese
71%
Parma Calcio
70%
Genoa
69%
Como
68%
Hamburger SV
68%
Mainz
66%
Elche
63%
Freiburg
62%
Hoffenheim
62%
Wolfsburg
62%
Augsburg
53%
St. Pauli
45%
Aucun quiz correspondant
Distribution des résultats
% des personnes avec chaque résultat
Percentile par nombre de réponses
Votre historique - résultats
Vous n’avez pas pris ce quiz